<?xml version="1.0" encoding="UTF-8"?>
<record
    xmlns:xsi="http://www.w3.org/2001/XMLSchema-instance"
    xsi:schemaLocation="http://www.loc.gov/MARC21/slim http://www.loc.gov/standards/marcxml/schema/MARC21slim.xsd"
    xmlns="http://www.loc.gov/MARC21/slim">

  <leader>01961nam a2200313 a 4500</leader>
  <controlfield tag="001">000000457</controlfield>
  <controlfield tag="003">DO-SdBPM</controlfield>
  <controlfield tag="005">20250904112728.0</controlfield>
  <controlfield tag="007">ta</controlfield>
  <controlfield tag="008">090130s2008    dr a  00 0 spa d</controlfield>
  <datafield tag="020" ind1=" " ind2=" ">
    <subfield code="a">9789945856781</subfield>
  </datafield>
  <datafield tag="020" ind1=" " ind2=" ">
    <subfield code="a">9945856782</subfield>
  </datafield>
  <datafield tag="040" ind1=" " ind2=" ">
    <subfield code="a">DO-SdBPM</subfield>
    <subfield code="b">spa</subfield>
    <subfield code="c">BPMSU</subfield>
    <subfield code="e">rda</subfield>
  </datafield>
  <datafield tag="082" ind1=" " ind2="4">
    <subfield code="a">RD861.44</subfield>
    <subfield code="b">B443p 2008</subfield>
    <subfield code="2">22</subfield>
  </datafield>
  <datafield tag="100" ind1="1" ind2=" ">
    <subfield code="a">Belliard, Basilio</subfield>
    <subfield code="e">autor </subfield>
  </datafield>
  <datafield tag="245" ind1="1" ind2="4">
    <subfield code="a">Los pliegues del bosque /</subfield>
    <subfield code="c">Basilio Belliard.</subfield>
  </datafield>
  <datafield tag="264" ind1=" " ind2=" ">
    <subfield code="a">Santo Domingo :</subfield>
    <subfield code="b">Editora B&#xFA;ho, </subfield>
    <subfield code="c">2008.</subfield>
  </datafield>
  <datafield tag="300" ind1=" " ind2=" ">
    <subfield code="a">76 p&#xE1;ginas  :</subfield>
    <subfield code="c">21 cm.</subfield>
  </datafield>
  <datafield tag="336" ind1=" " ind2=" ">
    <subfield code="a">texto</subfield>
    <subfield code="b">txt</subfield>
    <subfield code="2">rdacontent</subfield>
  </datafield>
  <datafield tag="337" ind1=" " ind2=" ">
    <subfield code="a">sin mediaci&#xF3;n </subfield>
    <subfield code="b">n</subfield>
    <subfield code="2">rdamedia </subfield>
  </datafield>
  <datafield tag="338" ind1=" " ind2=" ">
    <subfield code="a">volumen </subfield>
    <subfield code="b">nc</subfield>
    <subfield code="2">rdacarrier </subfield>
  </datafield>
  <datafield tag="500" ind1=" " ind2=" ">
    <subfield code="a">Incluye datos biogr&#xE1;ficos del autor en la solapa de la cubierta </subfield>
  </datafield>
  <datafield tag="505" ind1="0" ind2=" ">
    <subfield code="t">Pr&#xF3;logo -- </subfield>
    <subfield code="t">Piel de fuego -- </subfield>
    <subfield code="t">Noches h&#xFA;medas -- </subfield>
    <subfield code="t">Sinfon&#xED;a del cuerpo --</subfield>
    <subfield code="t"> Manjar de los instintos --</subfield>
    <subfield code="t"> Los que se aman -- </subfield>
    <subfield code="t">Maja --</subfield>
    <subfield code="t"> Labios carmes&#xED;es -- </subfield>
    <subfield code="t">Monte de venus -- </subfield>
    <subfield code="t">Canci&#xF3;n de los ojos -- </subfield>
    <subfield code="t">Un&#xED;sonos gemidos -- </subfield>
    <subfield code="t">Popular estaci&#xF3;n --</subfield>
    <subfield code="t"> Frenes&#xED; de tacto -- </subfield>
    <subfield code="t">Lun&#xE1;ticos fulgores -- </subfield>
    <subfield code="t">Vulva marina --</subfield>
    <subfield code="t"> Manzanas encendidas -- </subfield>
    <subfield code="t">Labios verticales --</subfield>
    <subfield code="t"> L&#xED;neas de pieles -- </subfield>
    <subfield code="t">Entre-piernas -- </subfield>
    <subfield code="t">Geometr&#xED;a --</subfield>
    <subfield code="t"> Punto G -- </subfield>
    <subfield code="t">Balada del para&#xED;so --</subfield>
    <subfield code="t"> Loto dorado -- </subfield>
    <subfield code="t">Verticales tegumentos -- </subfield>
    <subfield code="t">Curva de la felicidad --</subfield>
    <subfield code="t"> Bosque del cuerpo --</subfield>
    <subfield code="t"> Leda y el cisne -- </subfield>
    <subfield code="t">D&#xE1;nae -- </subfield>
    <subfield code="t">Flor abierta -- </subfield>
    <subfield code="t">Venus de Urbino -- </subfield>
    <subfield code="t">Puntos al aire -- </subfield>
    <subfield code="t">Femme fatale -- </subfield>
    <subfield code="t">Cuerpo, piel, sexo -- </subfield>
    <subfield code="t">Ninfa -- </subfield>
    <subfield code="t">Querida --</subfield>
    <subfield code="t"> Monte -- </subfield>
    <subfield code="t">Breve c&#xE1;rcel -- </subfield>
    <subfield code="t">Sed -- </subfield>
    <subfield code="t">Ghost -- </subfield>
    <subfield code="t">Lecho --</subfield>
    <subfield code="t"> Cuerpo en llamas -- </subfield>
    <subfield code="t">Fuente -- </subfield>
    <subfield code="t">L&#xED;neas de piel -- </subfield>
    <subfield code="t">Eros -- </subfield>
    <subfield code="t">Beso l&#xED;quido -- </subfield>
    <subfield code="t">Arquitectura sedienta -- </subfield>
    <subfield code="t">Cuerpo derramado -- </subfield>
    <subfield code="t">Alimentos del suspiro --</subfield>
    <subfield code="t"> Labios sordos -- </subfield>
    <subfield code="t">Epicentro del cuerpo --</subfield>
    <subfield code="t"> Amor de cepo --</subfield>
    <subfield code="t"> Canci&#xF3;n de los labios.</subfield>
  </datafield>
  <datafield tag="590" ind1=" " ind2=" ">
    <subfield code="a">Inventariado, 2024/VM</subfield>
  </datafield>
  <datafield tag="650" ind1=" " ind2="4">
    <subfield code="a">Poes&#xED;a dominicana </subfield>
  </datafield>
  <datafield tag="650" ind1=" " ind2="4">
    <subfield code="a">Literatura dominicana</subfield>
  </datafield>
  <datafield tag="910" ind1=" " ind2=" ">
    <subfield code="a">VMateo V. Control de calidad. BPMSU </subfield>
  </datafield>
  <datafield tag="942" ind1=" " ind2=" ">
    <subfield code="2">ddc</subfield>
    <subfield code="c">BK</subfield>
  </datafield>
  <datafield tag="952" ind1=" " ind2=" ">
    <subfield code="0">0</subfield>
    <subfield code="1">0</subfield>
    <subfield code="2">ddc</subfield>
    <subfield code="7">0</subfield>
    <subfield code="8">CD</subfield>
    <subfield code="a">BPMET</subfield>
    <subfield code="b">BPMET</subfield>
    <subfield code="d">2015-08-11</subfield>
    <subfield code="e"> </subfield>
    <subfield code="l">0</subfield>
    <subfield code="o">BPMSU CD RD861.44 B443p 2008</subfield>
    <subfield code="p">BPMSU15080293</subfield>
    <subfield code="r">2015-08-11</subfield>
    <subfield code="w">2015-08-11</subfield>
    <subfield code="y">BK</subfield>
  </datafield>
  <datafield tag="952" ind1=" " ind2=" ">
    <subfield code="0">0</subfield>
    <subfield code="1">0</subfield>
    <subfield code="2">ddc</subfield>
    <subfield code="7">0</subfield>
    <subfield code="8">CD</subfield>
    <subfield code="a">BPMET</subfield>
    <subfield code="b">BPMET</subfield>
    <subfield code="d">2015-08-11</subfield>
    <subfield code="e">BNPHU</subfield>
    <subfield code="l">0</subfield>
    <subfield code="o">BPMSU CD RD861.44 B443p 2008	</subfield>
    <subfield code="p">BPMSU15080294</subfield>
    <subfield code="r">2015-08-11</subfield>
    <subfield code="t">e.2</subfield>
    <subfield code="w">2015-08-11</subfield>
    <subfield code="y">BK</subfield>
  </datafield>
  <datafield tag="952" ind1=" " ind2=" ">
    <subfield code="0">0</subfield>
    <subfield code="1">0</subfield>
    <subfield code="2">ddc</subfield>
    <subfield code="7">0</subfield>
    <subfield code="8">CD</subfield>
    <subfield code="a">BPMET</subfield>
    <subfield code="b">BPMET</subfield>
    <subfield code="d">2017-11-10</subfield>
    <subfield code="e">BNPHU</subfield>
    <subfield code="l">0</subfield>
    <subfield code="o">BPMSU CD RD861.44 B443p 2008	</subfield>
    <subfield code="p">BPMSU17110141</subfield>
    <subfield code="r">2017-11-10</subfield>
    <subfield code="t">e.3</subfield>
    <subfield code="w">2017-11-10</subfield>
    <subfield code="y">BK</subfield>
  </datafield>
  <datafield tag="999" ind1=" " ind2=" ">
    <subfield code="c">8175</subfield>
    <subfield code="d">8175</subfield>
  </datafield>
</record>
